[Event "EU-chT Seniors 12th"]
[Site "Dresden"]
[Date "2010.02.18"]
[Round "9"]
[White "Nettesheim, Karl Wolfgang"]
[Black "Ketonen, Tapio"]
[Result "1/2-1/2"]
[WhiteElo "1920"]
[BlackElo "1914"]
[PlyCount "129"]
[EventDate "2010.02.10"]
[EventType "team-swiss"]
[EventRounds "9"]
[EventCountry "GER"]
[SourceTitle "CBM 134 Extra"]
[Source "ChessBase"]
[SourceDate "2010.03.03"]
[SourceVersion "1"]
[SourceVersionDate "2010.03.03"]
[SourceQuality "1"]
[WhiteTeam "Stiftung BSW/DBAG (Seniors) III"]
[BlackTeam "Turku TS (Seniors)"]
[WhiteTeamCountry "GER"]
[BlackTeamCountry "FIN"]

1. d4 Nf6 2. Nf3 g6 3. c4 Bg7 4. Nc3 d6 5. e4 0-0 6. h3 Nbd7 7. Bd3 c6 8. Be3 b6 9. Qd2 Re8 10. 0-0 e5 11. d5 c5 12. Bg5 Nf8 13. Nh2 a6 14. Ng4 Bxg4 15. hxg4 h6 16. Bxh6 Bxh6 17. Qxh6 Nxg4 18. Qh3 Qg5 19. Be2 Nf6 20. Rad1 Kg7 21. Rd3 N8d7 22. Qg3 Qh6 23. Qh3 Rh8 24. Qxh6+ Rxh6 25. Rh3 Rah8 26. Rxh6 Rxh6 27. g3 Kf8 28. Kg2 Ke7 29. Rb1 Rh8 30. g4 Rb8 31. Rh1 Ne8 32. Rh8 Kf6 33. Kg3 Nc7 34. Rxb8 Nxb8 35. Kh4 Nd7 36. g5+ Ke7 37. Bg4 Nb8 38. Na4 b5 39. Nb6 Ne8 40. cxb5 axb5 41. Be2 b4 42. Bb5 Kd8 43. Nc4 Nd7 44. f3 Kc7 45. Kg4 Ng7 46. a4 bxa3 47. bxa3 Nb6 48. Ne3 Nc8 49. a4 Na7 50. Bd3 Ne8 51. Nc4 Ng7 52. f4 exf4 53. Kxf4 Nh5+ 54. Ke3 f6 55. gxf6 Nxf6 56. Kf4 Nd7 57. a5 Nb5 58. Kg5 Nd4 59. Kxg6 Nf3 60. Kf5 Nfe5 61. Nxe5 Nxe5 62. Bb5 c4 63. Ke6 c3 64. Ba4 Nc4 65. a6 1/2-1/2